| 000 | 00693nam a22002055i 4500 | ||
|---|---|---|---|
| 001 | 153457 | ||
| 003 | ES-MaACL | ||
| 005 | 20230906205230.0 | ||
| 008 | 050823s1869 po | |||||||| ||por d | ||
| 040 |
_aCAM _bspa _cCAM |
||
| 100 | 1 |
_aDias, J. Simões. _9126786 |
|
| 245 | 1 | 2 |
_aA hostia de oiro _b: poema heroi-comico / _cpor J. Simões Dias. |
| 260 |
_aElvas : _bEditor M. d'Araujo e Silva, _c1860 ( _fTypographia da Democracia Pacifica) |
||
| 300 |
_a205 p. ; _c18 cm. |
||
| 490 | 1 |
_aObras de J. Simões Dias ; _v3 |
|
| 752 |
_aPortugal - _dElvas |
||
| 830 | 0 |
_aObras de J. Simões Dias ; _v3 _9187773 |
|
| 852 |
_aES-MaACL _jG-8561 _z-- Enc. pasta española |
||
| 999 |
_c153457 _d153457 |
||